<?xml version="1.0" encoding="UTF-8"?>
<record
    xmlns:xsi="http://www.w3.org/2001/XMLSchema-instance"
    xsi:schemaLocation="http://www.loc.gov/MARC21/slim http://www.loc.gov/standards/marcxml/schema/MARC21slim.xsd"
    xmlns="http://www.loc.gov/MARC21/slim">

  <leader>01247nas a2200193 a 4500</leader>
  <controlfield tag="005">20251029085837.0</controlfield>
  <controlfield tag="007">ta</controlfield>
  <controlfield tag="008">241007e2023    dr |||||r||||||0| ||spa d</controlfield>
  <datafield tag="040" ind1=" " ind2=" ">
    <subfield code="a">DO-SdBNP</subfield>
    <subfield code="c">BNPHU</subfield>
    <subfield code="e">rda</subfield>
  </datafield>
  <datafield tag="110" ind1=" " ind2=" ">
    <subfield code="a">Instituto de Dominicanos y Dominicanas en el Exterior</subfield>
    <subfield code="9">86673</subfield>
  </datafield>
  <datafield tag="245" ind1=" " ind2=" ">
    <subfield code="a">De Quisqueya para el Mundo / </subfield>
    <subfield code="c">Instituto de Dominicanos y Dominicanas en el Exterior.</subfield>
  </datafield>
  <datafield tag="260" ind1=" " ind2=" ">
    <subfield code="a">Santo Domingo, Rep&#xFA;blica Dominicana : </subfield>
    <subfield code="b">Instituto de Dominicanos y Dominicanas en el Exterior, </subfield>
    <subfield code="c">2023.</subfield>
  </datafield>
  <datafield tag="300" ind1=" " ind2=" ">
    <subfield code="a">volumen : </subfield>
    <subfield code="b">ilustraciones, fotograf&#xED;as ; </subfield>
    <subfield code="c">28 cm.</subfield>
  </datafield>
  <datafield tag="362" ind1=" " ind2=" ">
    <subfield code="a">A&#xF1;o 1. No.1. (Jul-Dic 2023)</subfield>
  </datafield>
  <datafield tag="500" ind1=" " ind2=" ">
    <subfield code="a">El Instituto de Dominicanos y Dominicanas en el Exterior, a trav&#xE9;s de la Direcci&#xF3;n de Fomento de la Identidad Nacional lanza el primer n&#xFA;mero de la revista De Quisqueya para el Mundo es una revista dedicada a los dominicanos que viven en el extranjero, proporcionando contenido informativo y cultural que conecta a la di&#xE1;spora con su identidad y herencia dominicana.</subfield>
  </datafield>
  <datafield tag="500" ind1=" " ind2=" ">
    <subfield code="a">Donado: Instituto de Dominicanos y Dominicanas en el Exterior.</subfield>
  </datafield>
  <datafield tag="650" ind1=" " ind2="0">
    <subfield code="a">Identidad cultural dominicana</subfield>
    <subfield code="9">81177</subfield>
    <subfield code="v">Publicaciones peri&#xF3;dicas </subfield>
  </datafield>
  <datafield tag="942" ind1=" " ind2=" ">
    <subfield code="2">ddc</subfield>
    <subfield code="c">ISSUE</subfield>
    <subfield code="h">A&#xF1;o 1. No.1. (Jul-Dic 2023)</subfield>
  </datafield>
  <datafield tag="952" ind1=" " ind2=" ">
    <subfield code="0">0</subfield>
    <subfield code="1">0</subfield>
    <subfield code="2">ddc</subfield>
    <subfield code="4">0</subfield>
    <subfield code="5">6</subfield>
    <subfield code="7">0</subfield>
    <subfield code="8">SE</subfield>
    <subfield code="a">BNPHU</subfield>
    <subfield code="b">BNPHU</subfield>
    <subfield code="d">2024-10-07</subfield>
    <subfield code="h">A&#xF1;o 1. No.1. (Jul-Dic 2023)</subfield>
    <subfield code="l">0</subfield>
    <subfield code="p">2024-5630</subfield>
    <subfield code="r">2024-10-07</subfield>
    <subfield code="t">e.1</subfield>
    <subfield code="w">2024-10-07</subfield>
    <subfield code="y">ISSUE</subfield>
  </datafield>
  <datafield tag="952" ind1=" " ind2=" ">
    <subfield code="0">0</subfield>
    <subfield code="1">0</subfield>
    <subfield code="2">ddc</subfield>
    <subfield code="4">0</subfield>
    <subfield code="5">6</subfield>
    <subfield code="7">0</subfield>
    <subfield code="8">SE</subfield>
    <subfield code="a">BNPHU</subfield>
    <subfield code="b">BNPHU</subfield>
    <subfield code="d">2024-10-07</subfield>
    <subfield code="h">A&#xF1;o 1. No.1. (Jul-Dic 2023)</subfield>
    <subfield code="l">0</subfield>
    <subfield code="p">2024-5631</subfield>
    <subfield code="r">2024-10-07</subfield>
    <subfield code="t">e.2</subfield>
    <subfield code="w">2024-10-07</subfield>
    <subfield code="y">ISSUE</subfield>
  </datafield>
  <datafield tag="952" ind1=" " ind2=" ">
    <subfield code="0">0</subfield>
    <subfield code="1">0</subfield>
    <subfield code="2">ddc</subfield>
    <subfield code="4">0</subfield>
    <subfield code="5">6</subfield>
    <subfield code="7">0</subfield>
    <subfield code="8">SE</subfield>
    <subfield code="a">BNPHU</subfield>
    <subfield code="b">BNPHU</subfield>
    <subfield code="d">2025-10-29</subfield>
    <subfield code="h">A&#xF1;o 2. No. 4. (enero-junio 2025)</subfield>
    <subfield code="l">0</subfield>
    <subfield code="p">2025-12102</subfield>
    <subfield code="r">2025-10-29</subfield>
    <subfield code="t">e.1</subfield>
    <subfield code="w">2025-10-29</subfield>
    <subfield code="y">ISSUE</subfield>
  </datafield>
  <datafield tag="952" ind1=" " ind2=" ">
    <subfield code="0">0</subfield>
    <subfield code="1">0</subfield>
    <subfield code="2">ddc</subfield>
    <subfield code="4">0</subfield>
    <subfield code="5">6</subfield>
    <subfield code="7">0</subfield>
    <subfield code="8">SE</subfield>
    <subfield code="a">BNPHU</subfield>
    <subfield code="b">BNPHU</subfield>
    <subfield code="d">2025-10-29</subfield>
    <subfield code="h">A&#xF1;o 2. No. 4. (enero-junio 2025)</subfield>
    <subfield code="l">0</subfield>
    <subfield code="p">2025-12103</subfield>
    <subfield code="r">2025-10-29</subfield>
    <subfield code="t">e.2</subfield>
    <subfield code="w">2025-10-29</subfield>
    <subfield code="y">ISSUE</subfield>
  </datafield>
  <datafield tag="999" ind1=" " ind2=" ">
    <subfield code="c">57776</subfield>
    <subfield code="d">57776</subfield>
  </datafield>
</record>
